Random Brawl Stars Youtubers - Statistics

General Stats
  • This quiz has been taken 27 times
  • The average score is 4 of 11
Answer Stats
Subs Youtuber % Correct
1.47M SnakeThug
67%
1.44M Kairos
54%
1.31M Lex
54%
3.51M OJ
50%
1.79M Hyra
33%
21.6M Brawl Stars
29%
1.86M BenTimm1
25%
1.35M Rzm64
21%
1.56M Toodyxz
13%
2.49M Lizishu
8%
1.2M Vital Shark
4%
No matching quizzes found
Score Distribution
Percent of People with Each Score
Percentile by Number Answered
Your Score History
You have not taken this quiz